Score 0/23 Timer 04:00
1 Play Today
Hint Answer % Correct
Sex and the _____City
99%
_____ of ThronesGame
98.5%
Tell Me _____ Love MeYou
96.9%
Six Feet _____ Under
96.8%
One _____ StandNight
96.6%
Curb Your _____Enthusiasm
93%
Band of _____Brothers
92.1%
From the Earth to the _____Moon
92.1%
_____ from the CryptTales
88%
_____ of the ConchordsFlight
87.4%
Last _____ Tonight with John OliverWeek
80.1%
_____ MaintenanceHigh
79.6%
Hint Answer % Correct
Def Comedy _____Jam
79.4%
How to Make _____ in AmericaIt
78.8%
The Chris _____ ShowRock
74.6%
The _____ in the HallKids
65.3%
_____ ValleySilicon
64.7%
True _____Detective
62.6%
_____ PrincipalsVice
62.6%
Mildred _____Pierce
58.3%
Big _____Love
52.8%
_____ in AmericaAngels
37.4%
The Night ____Of
33.1%

Today's Daily Dose

Missing Word
Boxers

Quick Pick
Rise or Fall?

Get the Picture
A ‘B’ in Disney

You're not logged in!

Compare scores with friends on all Sporcle quizzes.
OR
Log In

Sporcle TV

Today on Sporcle TV


Watch our educational content, quiz creation guides, and fun videos on Sporcle TV.

Show Comments

Extras

Top Quizzes Today


Score Distribution

Paid Content

Your Account Isn't Verified!

In order to create a playlist on Sporcle, you need to verify the email address you used during registration. Go to your Sporcle Settings to finish the process.

Report this User

Report this user for behavior that violates our Community Guidelines.

Details: